Principles of Construction Safety / (Record no. 2288)

000 -LEADER
fixed length control field 00317 a2200109 4500
020 ## - INTERNATIONAL STANDARD BOOK NUMBER
International Standard Book Number 1405134461
082 ## - DEWEY DECIMAL CLASSIFICATION NUMBER
Classification number 690.22 HOL
100 ## - MAIN ENTRY--PERSONAL NAME
Personal name Holt, Allan St John
245 ## - TITLE STATEMENT
Title Principles of Construction Safety /
Statement of responsibility, etc. Allan St John Holtz
260 ## - PUBLICATION, DISTRIBUTION, ETC.
Place of publication, distribution, etc. UK :
Name of publisher, distributor, etc. Blackwell Publishing,
Date of publication, distribution, etc. 2005
300 ## - PHYSICAL DESCRIPTION
Extent v, 278p. :
Other physical details ill. ;
Dimensions 30 cm
650 ## - SUBJECT ADDED ENTRY--TOPICAL TERM
Topical term or geographic name entry element Construction Safety
Holdings
Withdrawn status Lost status Damaged status Not for loan Permanent Location Current Location Shelving location Date acquired Total Checkouts Total Renewals Full call number Barcode Date last seen Date last checked out Price effective from Koha item type
        School of Civil and Environmental Engineering (SCEE) School of Civil and Environmental Engineering (SCEE)     1 1 690.22 HOL NIT-4305 06/15/2022 02/23/2022 01/05/2017 Book
© 2023 Central Library, National University of Sciences and Technology. All Rights Reserved.